| 000 | 01012cam a2200301 i 4500 | ||
|---|---|---|---|
| 001 | 18512645 | ||
| 003 | EG-ScBUE | ||
| 005 | 20250310095010.0 | ||
| 008 | 150204t2015 fludk f b 001 0 eng d | ||
| 020 | _a9781482263374 (hardcover : alk. paper) | ||
| 040 |
_aOU/DLC _beng _erda _cOU _dEG-ScBUE |
||
| 082 | 0 | 4 |
_a530.12 _222 _bRAJ |
| 100 | 1 |
_aRajasekar, S _qShanmuganathan), _d1963- _eauthor. _938088 |
|
| 245 | 1 | 0 |
_aQuantum mechanics : _bthe fundamentals. _nI / _cS. Rajasekar, R. Velusamy. |
| 264 | 1 |
_aBoca Raton : _bCRC Press / Taylor & Francis Group, _c[2015] |
|
| 264 | 4 | _cc2015 | |
| 300 |
_axxi, 591 pages : _bcharts, forms ; _c24 cm |
||
| 336 |
_2rdacontent _atext _btxt |
||
| 337 |
_aunmediated _2rdamedia _bn |
||
| 338 |
_avolume _bnc _2rdacarrier |
||
| 504 | _aIncludes bibliographical references and index. | ||
| 650 | 7 |
_aQuantum theory. _2BUEsh _91883 |
|
| 651 | _2BUEsh | ||
| 653 |
_bENGGEN _cMay2015 |
||
| 655 |
_vReading book _934232 |
||
| 700 | 1 |
_aVelusamy, R., _d1952- _eauthor. |
|
| 942 |
_2ddc _cBB |
||
| 999 |
_c19446 _d19418 |
||